| 000 | 00770nam a22002652 4500 | ||
|---|---|---|---|
| 999 |
_c16843 _d16843 |
||
| 001 | 0000009094 | ||
| 003 | OSt | ||
| 005 | 20180621104117.0 | ||
| 008 | 080902s xx 000 0 eng d | ||
| 020 |
_a0199287369 _cKES 7540 |
||
| 040 |
_aKABU _cKABU |
||
| 100 | 1 | _aBeale, H. G. | |
| 245 | 1 | 0 |
_aContract cases and materials / _cH. G. Beale, W. D. Bishop, M. P. Furmston. |
| 250 | _a5th ed. | ||
| 260 |
_aOxford : _bO. U. P., _c2008. |
||
| 300 | _alix, 1269 p. | ||
| 650 | 0 |
_aContracts _xCases _zEngland. |
|
| 650 | 0 |
_aContracts _xCases _zWales. |
|
| 700 | 1 | _aBishop, W. D. | |
| 700 | 1 | _aFurmston, M. P. | |
| 908 | _a080902 | ||
| 942 |
_2lcc _cBK |
||